000 00673nam a2200253Ia 4500
001 9070
005 20240113234148.0
007 ta
008 050723s1954 a g b000 u eng u
040 _aCotton College,Assam
041 _aeng
082 _a824.9109
_bHt 26 G
100 _aHollis, Christopher .
245 0 _aG.K. Chesterton /
_cChristopher Hollis.
_hTextual Documents
250 _a1st ed. /
260 _aLondon :
_bBritish Council ,
_c1954.
300 _a32p. :
_bill. ;
_c22cm .
504 _aBib.
653 _aEnglish-Essays-Criticism
653 _aEnglish-Essays-Collection
942 _2ddc
_cBK
999 _c9057
_d9057